LEADER 01500oas 22006133 450 001 9910170258803321 005 20251106213014.0 011 $a2333-9691 035 $a(DE-599)ZDB2778966-4 035 $a(DE-599)2778966-4 035 $a(OCoLC)870967323 035 $a(CONSER) 2014201532 035 $a(CKB)2670000000555212 035 $a(EXLCZ)992670000000555212 100 $a20140224a20159999 uy a 101 0 $aeng 135 $aur||||||||||| 181 $ctxt$2rdacontent 182 $cc$2rdamedia 183 $acr$2rdacarrier 200 00$aAnnual review of linguistics 210 1$aPalo Alto, CA :$cAnnual Reviews,$d2015- 215 $a1 online resource 300 $aRefereed/Peer-reviewed 311 08$a2333-9683 606 $aLinguistics$vPeriodicals 606 $aLinguistique$vPe?riodiques 606 $aLinguistics$2fast$3(OCoLC)fst00999202 608 $aPeriodicals.$2fast 608 $aPeriodicals.$2lcgft 615 0$aLinguistics 615 6$aLinguistique 615 7$aLinguistics. 676 $a410 801 0$bDLC 801 1$bDLC 801 2$bCGU 801 2$bDLC 801 2$bOCLCF 801 2$bCUY 801 2$bCOO 801 2$bCUS 801 2$bAU@ 801 2$bBWN 801 2$bOCLCQ 801 2$bU3W 801 2$bOCLCQ 801 2$bOCLCL 801 2$bUWW 801 2$bOCLCQ 906 $aJOURNAL 912 $a9910170258803321 996 $aAnnual review of linguistics$91973151 997 $aUNINA